000 00382nam a22001457a 4500
008 250714b |||||||| |||| 00| 0 eng d
020 _a0072869461
050 _aHG4026
_b.B66
100 _aMyers Brealey
245 _aPrinciples of Corporate Finance
260 _aNP
_bMcGraw-Hill higher education
_c2006
300 _axxv, 1071p.
_bill.
650 _aCorporate Finance
942 _cBK
999 _c4275
_d4275